[Event "MR"]
[Site "Rzeszow"]
[Date "2017.11.11"]
[Round "7.4"]
[White "Kielb, Miroslaw"]
[Black "Ziemniak, Piotr"]
[Result "0-1"]
[LiveChessVersion "1.4.8"]
[BlackElo "1810"]
[WhiteElo "1378"]

1. e4 {[%clk 1:30:58]} c5 {[%clk 1:30:54]} 2. Nf3 {[%clk 1:31:23]} d6
{[%clk 1:31:21]} 3. d4 {[%clk 1:31:38]} cxd4 {[%clk 1:31:47]} 4. Nxd4
{[%clk 1:32:01]} Nf6 {[%clk 1:32:13]} 5. Nc3 {[%clk 1:32:15]} a6 {[%clk 1:32:38]}
6. Bg5 {[%clk 1:32:34]} e6 {[%clk 1:33:03]} 7. Bd3 {[%clk 1:31:37]} Be7
{[%clk 1:33:15]} 8. O-O {[%clk 1:31:24]} Nc6 {[%clk 1:32:21]} 9. Nf3
{[%clk 1:28:26]} h6 {[%clk 1:32:44]} 10. Bh4 {[%clk 1:28:05]} O-O
{[%clk 1:32:12]} 11. Re1 {[%clk 1:27:21]} b5 {[%clk 1:31:52]} 12. a3
{[%clk 1:26:11]} Bb7 {[%clk 1:31:56]} 13. e5 {[%clk 1:20:12]} dxe5
{[%clk 1:30:52]} 14. Nxe5 {[%clk 1:20:20]} Nxe5 {[%clk 1:28:48]} 15. Rxe5
{[%clk 1:20:31]} Qc7 {[%clk 1:28:57]} 16. Bg3 {[%clk 1:16:58]} Qc6
{[%clk 1:28:55]} 17. f3 {[%clk 1:13:49]} Ng4 {[%clk 1:25:05]} 18. Re2
{[%clk 1:10:19]} Bc5+ {[%clk 1:22:46]} 19. Kh1 {[%clk 1:08:46]} Ne3
{[%clk 1:18:07]} 20. Qe1 {[%clk 1:02:24]} Nc4 {[%clk 1:14:32]} 21. Bxc4
{[%clk 1:01:45]} bxc4 {[%clk 1:14:16]} 22. Ne4 {[%clk 0:55:34]} Be7
{[%clk 1:14:04]} 23. Rd1 {[%clk 0:55:04]} Rad8 {[%clk 1:09:25]} 24. Rxd8
{[%clk 0:54:30]} Rxd8 {[%clk 1:09:24]} 25. Rd2 {[%clk 0:54:16]} Qb6
{[%clk 1:08:26]} 26. Rxd8+ {[%clk 0:53:35]} Qxd8 {[%clk 1:07:54]} 27. Qd2
{[%clk 0:53:06]} Qxd2 {[%clk 1:06:40]} 28. Nxd2 {[%clk 0:53:33]} Bd5
{[%clk 1:06:44]} 29. c3 {[%clk 0:51:11]} Bc5 {[%clk 1:06:19]} 30. Be1
{[%clk 0:50:29]} Be3 {[%clk 1:05:47]} 31. h3 {[%clk 0:50:17]} f5 {[%clk 1:04:49]}
32. Kh2 {[%clk 0:50:13]} Kf7 {[%clk 1:04:46]} 33. Kg3 {[%clk 0:49:35]} e5
{[%clk 1:04:40]} 34. h4 {[%clk 0:48:33]} Kf6 {[%clk 1:04:59]} 35. Kh3
{[%clk 0:48:11]} e4 {[%clk 0:59:32]} 36. fxe4 {[%clk 0:48:02]} fxe4
{[%clk 0:59:51]} 37. g3 {[%clk 0:46:25]} Ke5 {[%clk 0:59:38]} 38. Kg2
{[%clk 0:43:00]} Bxd2 {[%clk 0:59:56]} 39. Kf1 {[%clk 0:41:51]} Bc1
{[%clk 1:00:09]} 40. Ke2 {[%clk 0:41:16]} e3 {[%clk 1:00:08]} 41. Kd1
{[%clk 0:41:10]} Bxb2 {[%clk 1:00:32]} 42. a4 {[%clk 0:41:07]} Ke4
{[%clk 1:00:39]} 43. Kc2 {[%clk 0:41:06]} Ba3 {[%clk 1:01:02]} 44. g4
{[%clk 0:41:07]} Be6 {[%clk 1:01:15]} 45. g5 {[%clk 0:41:20]} hxg5
{[%clk 1:01:41]} 46. hxg5 {[%clk 0:41:44]} Bd7 {[%clk 1:02:07]} 47. a5
{[%clk 0:41:53]} Ba4+ {[%clk 1:02:22]} 48. Kb1 {[%clk 0:42:11]} g6
{[%clk 1:02:46]} 49. Ka2 {[%clk 0:42:03]} Bd6 {[%clk 1:03:00]} 50. Kb2
{[%clk 0:42:09]} Kd3 {[%clk 1:03:22]} 51. Kc1 {[%clk 0:42:07]} Ba3+
{[%clk 1:02:37]} 52. Kb1 {[%clk 0:42:23]} Bb3 {[%clk 1:03:02]} 53. Bg3
{[%clk 0:42:09]} Ke2 {[%clk 1:03:02]} 54. Be5 {[%clk 0:41:15]} Kd1
{[%clk 1:03:25]} 55. Bd4 {[%clk 0:41:14]} e2 {[%clk 1:03:35]} 56. Bf2
{[%clk 0:40:42]} Kd2 {[%clk 1:03:53]} 57. Bg3 {[%clk 0:40:49]} Kxc3
{[%clk 1:04:15]} 58. Be5+ {[%clk 0:40:43]} Kd3 {[%clk 1:04:39]} 59. Bg3
{[%clk 0:40:58]} c3 {[%clk 1:05:03]} 60. Bf4 {[%clk 0:40:37]} e1=R+
{[%clk 1:05:15]} 61. Bc1 {[%clk 0:40:52]} Rxc1# {[%clk 1:05:36]} 0-1

[Event "MR"]
[Site "Rzeszow"]
[Date "2017.11.12"]
[Round "8.1"]
[White "Pulik, Krzysztof"]
[Black "Ziemniak, Piotr"]
[Result "1-0"]
[LiveChessVersion "1.4.8"]
[BlackElo "1810"]
[WhiteElo "2135"]

1. e4 {[%clk 1:29:22]} c5 {[%clk 1:30:57]} 2. c3 {[%clk 1:29:46]} d6
{[%clk 1:31:20]} 3. d4 {[%clk 1:30:11]} Nf6 {[%clk 1:31:42]} 4. Bd3
{[%clk 1:30:37]} cxd4 {[%clk 1:31:32]} 5. cxd4 {[%clk 1:30:46]} g6
{[%clk 1:31:57]} 6. Nc3 {[%clk 1:26:09]} Bg7 {[%clk 1:31:59]} 7. Nge2
{[%clk 1:26:25]} O-O {[%clk 1:31:50]} 8. h3 {[%clk 1:24:33]} e5 {[%clk 1:31:57]}
9. Be3 {[%clk 1:18:34]} exd4 {[%clk 1:32:19]} 10. Nxd4 {[%clk 1:16:29]} Nc6
{[%clk 1:32:13]} 11. O-O {[%clk 1:12:47]} d5 {[%clk 1:15:47]} 12. Nxc6
{[%clk 1:09:19]} bxc6 {[%clk 1:09:33]} 13. Bc5 {[%clk 0:55:38]} Re8
{[%clk 1:08:38]} 14. Qc2 {[%clk 0:52:56]} Be6 {[%clk 1:02:26]} 15. Rad1
{[%clk 0:49:44]} Qc8 {[%clk 1:01:02]} 16. Rfe1 {[%clk 0:45:37]} Nd7
{[%clk 0:58:29]} 17. Ba3 {[%clk 0:44:33]} Ne5 {[%clk 0:53:53]} 18. Bf1
{[%clk 0:41:01]} d4 {[%clk 0:41:03]} 19. Na4 {[%clk 0:40:53]} d3 {[%clk 0:33:05]}
20. Bxd3 {[%clk 0:38:57]} Bxh3 {[%clk 0:33:01]} 21. Be2 {[%clk 0:35:44]} Bg4
{[%clk 0:28:02]} 22. f3 {[%clk 0:35:05]} Be6 {[%clk 0:25:58]} 23. Bc5
{[%clk 0:35:21]} Rd8 {[%clk 0:25:16]} 24. Be3 {[%clk 0:34:54]} Qc7
{[%clk 0:24:53]} 25. Nc5 {[%clk 0:34:56]} Qe7 {[%clk 0:22:59]} 26. Nxe6
{[%clk 0:34:15]} Qxe6 {[%clk 0:23:11]} 27. b3 {[%clk 0:34:35]} Qf6
{[%clk 0:23:19]} 28. f4 {[%clk 0:32:04]} Nd7 {[%clk 0:18:16]} 29. e5
{[%clk 0:32:23]} Qh4 {[%clk 0:17:11]} 30. Bf3 {[%clk 0:27:44]} Bh6
{[%clk 0:15:14]} 31. Qf2 {[%clk 0:27:04]} Qe7 {[%clk 0:13:05]} 32. Bxc6
{[%clk 0:26:32]} Rac8 {[%clk 0:12:22]} 33. Bd5 {[%clk 0:24:36]} Nb6
{[%clk 0:12:25]} 34. Bxb6 {[%clk 0:22:52]} axb6 {[%clk 0:12:49]} 35. e6
{[%clk 0:22:22]} Rxd5 {[%clk 0:06:23]} 36. Rxd5 {[%clk 0:21:35]} fxe6
{[%clk 0:06:46]} 37. Qxb6 {[%clk 0:20:42]} e5 {[%clk 0:05:08]} 38. Rdxe5
{[%clk 0:20:22]} Qf8 {[%clk 0:02:22]} 39. Qe6+ {[%clk 0:20:31]} Kh8
{[%clk 0:02:48]} 40. Qxc8 {[%clk 0:20:48]} 1-0

[Event "MR"]
[Site "Rzeszow"]
[Date "2017.11.12"]
[Round "8.2"]
[White "Lesniak, Mateusz"]
[Black "Marszalek, Maciej"]
[Result "0-1"]
[LiveChessVersion "1.4.8"]
[BlackElo "2297"]
[WhiteElo "1543"]

1. d4 {[%clk 1:28:13]} g6 {[%clk 1:30:58]} 2. Nf3 {[%clk 1:28:32]} Bg7
{[%clk 1:31:24]} 3. g3 {[%clk 1:28:56]} Nf6 {[%clk 1:31:40]} 4. Bg2
{[%clk 1:29:14]} O-O {[%clk 1:32:06]} 5. O-O {[%clk 1:29:37]} d6 {[%clk 1:32:34]}
6. c4 {[%clk 1:29:55]} Nc6 {[%clk 1:33:01]} 7. Nc3 {[%clk 1:30:07]} Bg4
{[%clk 1:33:27]} 8. h3 {[%clk 1:29:15]} Bxf3 {[%clk 1:33:52]} 9. Bxf3
{[%clk 1:29:38]} Nd7 {[%clk 1:34:20]} 10. e3 {[%clk 1:29:27]} e5 {[%clk 1:34:48]}
11. d5 {[%clk 1:27:47]} Ne7 {[%clk 1:33:22]} 12. e4 {[%clk 1:27:49]} f5
{[%clk 1:33:48]} 13. Bg5 {[%clk 1:27:03]} h6 {[%clk 1:33:28]} 14. Bxe7
{[%clk 1:27:27]} Qxe7 {[%clk 1:33:56]} 15. Kg2 {[%clk 1:25:55]} Rf6
{[%clk 1:32:09]} 16. b4 {[%clk 1:24:25]} a6 {[%clk 1:31:57]} 17. Qb3
{[%clk 1:24:20]} Raf8 {[%clk 1:31:37]} 18. a4 {[%clk 1:22:17]} Kh8
{[%clk 1:30:59]} 19. a5 {[%clk 1:16:57]} h5 {[%clk 1:27:18]} 20. exf5
{[%clk 0:57:19]} gxf5 {[%clk 1:18:57]} 21. Bxh5 {[%clk 0:52:00]} Rh6
{[%clk 1:10:23]} 22. Bd1 {[%clk 0:47:58]} e4 {[%clk 1:10:43]} 23. f4
{[%clk 0:46:51]} exf3+ {[%clk 1:10:50]} 24. Bxf3 {[%clk 0:43:40]} Qe3
{[%clk 1:05:12]} 25. Rac1 {[%clk 0:44:05]} Be5 {[%clk 1:05:22]} 26. Rfe1
{[%clk 0:33:40]} Qg5 {[%clk 1:04:46]} 27. Ne2 {[%clk 0:29:06]} Rg8
{[%clk 1:04:27]} 28. g4 {[%clk 0:28:16]} Nf6 {[%clk 1:04:45]} 29. Rh1
{[%clk 0:16:21]} fxg4 {[%clk 1:01:08]} 30. hxg4 {[%clk 0:16:37]} Nxg4
{[%clk 1:01:32]} 31. Rxh6+ {[%clk 0:16:42]} Nxh6+ {[%clk 1:01:46]} 32. Kf2
{[%clk 0:13:34]} Bg3+ {[%clk 0:53:44]} 33. Kf1 {[%clk 0:08:59]} Nf5
{[%clk 0:53:56]} 34. Rc3 {[%clk 0:07:55]} Qd2 {[%clk 0:50:53]} 35. Qb1
{[%clk 0:04:06]} Ne3+ {[%clk 0:51:04]} 36. Rxe3 {[%clk 0:04:35]} Qxe3
{[%clk 0:51:28]} 37. Qb2+ {[%clk 0:03:09]} Be5 {[%clk 0:51:38]} 38. Qc1
{[%clk 0:03:26]} Rg1+ {[%clk 0:51:36]} 0-1

[Event "MR"]
[Site "Rzeszow"]
[Date "2017.11.12"]
[Round "8.3"]
[White "Swigon, Tomasz"]
[Black "Wozniak, Marcin"]
[Result "1/2-1/2"]
[LiveChessVersion "1.4.8"]
[BlackElo "1886"]
[WhiteElo "1837"]

1. e4 {[%clk 1:30:43]} e5 {[%clk 1:30:51]} 2. Nf3 {[%clk 1:31:07]} Nc6
{[%clk 1:31:09]} 3. Bc4 {[%clk 1:31:29]} Nf6 {[%clk 1:31:23]} 4. d3
{[%clk 1:31:49]} Be7 {[%clk 1:31:06]} 5. c3 {[%clk 1:32:12]} d6 {[%clk 1:31:13]}
6. Bb3 {[%clk 1:32:26]} Bg4 {[%clk 1:13:13]} 7. h3 {[%clk 1:32:46]} Bh5
{[%clk 1:12:13]} 8. g4 {[%clk 1:33:06]} Bg6 {[%clk 1:12:05]} 9. Nbd2
{[%clk 1:31:03]} h5 {[%clk 0:59:30]} 10. g5 {[%clk 1:27:20]} Nd7 {[%clk 0:52:04]}
11. Nf1 {[%clk 1:26:01]} h4 {[%clk 0:49:40]} 12. N1h2 {[%clk 1:24:34]} Nc5
{[%clk 0:46:08]} 13. Be3 {[%clk 1:17:00]} Ne6 {[%clk 0:40:07]} 14. Bxe6
{[%clk 1:17:07]} fxe6 {[%clk 0:40:32]} 15. Qb3 {[%clk 1:16:38]} Qd7
{[%clk 0:40:17]} 16. O-O-O {[%clk 1:16:59]} O-O-O {[%clk 0:35:06]} 17. Nd2
{[%clk 1:15:13]} d5 {[%clk 0:29:49]} 18. f3 {[%clk 1:15:19]} d4 {[%clk 0:28:23]}
19. cxd4 {[%clk 1:15:32]} exd4 {[%clk 0:28:27]} 20. Bf2 {[%clk 1:15:33]} e5
{[%clk 0:23:46]} 21. Rdg1 {[%clk 1:15:22]} Rdf8 {[%clk 0:19:46]} 22. a3
{[%clk 1:15:37]} Na5 {[%clk 0:16:14]} 23. Qc2 {[%clk 1:15:53]} Qb5
{[%clk 0:15:57]} 24. b4 {[%clk 1:15:44]} Nc6 {[%clk 0:16:12]} 25. Qc4
{[%clk 1:15:03]} Qa4 {[%clk 0:09:23]} 26. Qb3 {[%clk 1:03:17]} Qxb3
{[%clk 0:08:16]} 27. Nxb3 {[%clk 1:03:41]} a5 {[%clk 0:07:37]} 28. Nxa5
{[%clk 1:00:12]} Nxa5 {[%clk 0:08:01]} 29. bxa5 {[%clk 1:00:38]} Bxa3+
{[%clk 0:08:24]} 30. Kc2 {[%clk 1:00:18]} Kd7 {[%clk 0:05:08]} 31. Rg4
{[%clk 0:59:22]} 1/2-1/2

[Event "MR"]
[Site "Rzeszow"]
[Date "2017.11.12"]
[Round "8.4"]
[White "Kielb, Miroslaw"]
[Black "Wozniak, Maciej"]
[Result "0-1"]
[LiveChessVersion "1.4.8"]
[BlackElo "2045"]
[WhiteElo "1378"]

1. e4 {[%clk 1:30:58]} c5 {[%clk 1:30:13]} 2. Nf3 {[%clk 1:31:21]} g6
{[%clk 1:30:25]} 3. d4 {[%clk 1:30:22]} cxd4 {[%clk 1:30:50]} 4. Nxd4
{[%clk 1:30:46]} Nc6 {[%clk 1:31:07]} 5. Be3 {[%clk 1:28:52]} Bg7
{[%clk 1:23:33]} 6. c3 {[%clk 1:23:25]} Nf6 {[%clk 1:22:53]} 7. f3
{[%clk 1:22:03]} O-O {[%clk 1:22:35]} 8. Be2 {[%clk 1:21:45]} d5 {[%clk 1:21:11]}
9. Nd2 {[%clk 1:21:10]} dxe4 {[%clk 1:08:40]} 10. Nxc6 {[%clk 1:12:09]} bxc6
{[%clk 1:07:14]} 11. fxe4 {[%clk 1:07:23]} Rb8 {[%clk 0:43:05]} 12. Qc2
{[%clk 0:53:49]} Qc7 {[%clk 0:42:33]} 13. O-O-O {[%clk 0:50:48]} Ng4
{[%clk 0:40:54]} 14. Bg1 {[%clk 0:43:11]} Bh6 {[%clk 0:34:27]} 15. h3
{[%clk 0:41:11]} Ne3 {[%clk 0:34:49]} 16. Bxe3 {[%clk 0:41:18]} Bxe3
{[%clk 0:35:13]} 17. Kb1 {[%clk 0:40:35]} Be6 {[%clk 0:28:38]} 18. Bc4
{[%clk 0:37:55]} Qe5 {[%clk 0:16:14]} 19. Nf3 {[%clk 0:29:41]} Qf6
{[%clk 0:15:37]} 20. Bxe6 {[%clk 0:29:03]} Qxe6 {[%clk 0:15:57]} 21. Nd4
{[%clk 0:28:40]} Qc8 {[%clk 0:14:42]} 22. Qe2 {[%clk 0:25:06]} Bh6
{[%clk 0:14:24]} 23. h4 {[%clk 0:23:41]} Bg7 {[%clk 0:10:17]} 24. Rd3
{[%clk 0:20:06]} c5 {[%clk 0:10:09]} 25. Nf3 {[%clk 0:19:50]} Qa6
{[%clk 0:09:58]} 26. Qd2 {[%clk 0:18:11]} h5 {[%clk 0:08:41]} 27. Rd7
{[%clk 0:17:18]} c4 {[%clk 0:06:07]} 28. Rxe7 {[%clk 0:16:40]} Qa3
{[%clk 0:06:19]} 29. Re5 {[%clk 0:15:10]} Bxe5 {[%clk 0:05:54]} 30. Nxe5
{[%clk 0:15:38]} Qe7 {[%clk 0:05:17]} 31. Qf4 {[%clk 0:14:11]} Qe6
{[%clk 0:05:20]} 32. Nf3 {[%clk 0:12:21]} Rb7 {[%clk 0:03:49]} 33. Re1
{[%clk 0:10:21]} Rfb8 {[%clk 0:04:02]} 34. Re2 {[%clk 0:10:30]} Qa6
{[%clk 0:03:36]} 35. Qh6 {[%clk 0:09:15]} Qa3 {[%clk 0:03:39]} 36. Qd2
{[%clk 0:09:11]} Rxb2+ {[%clk 0:03:48]} 37. Qxb2 {[%clk 0:09:27]} Rxb2+
{[%clk 0:04:12]} 38. Rxb2 {[%clk 0:09:47]} Qxc3 {[%clk 0:04:36]} 39. Rb8+
{[%clk 0:10:03]} Kg7 {[%clk 0:04:55]} 40. Ng5 {[%clk 0:10:18]} Qd3+
{[%clk 0:04:56]} 41. Kc1 {[%clk 0:09:19]} c3 {[%clk 0:04:50]} 42. Nf3
{[%clk 0:07:26]} Qf1+ {[%clk 0:05:05]} 43. Kc2 {[%clk 0:07:44]} Qxg2+
{[%clk 0:05:28]} 44. Kxc3 {[%clk 0:08:04]} Qxf3+ {[%clk 0:05:53]} 45. Kd4
{[%clk 0:08:04]} Qf6+ {[%clk 0:05:52]} 46. e5 {[%clk 0:08:21]} Qxh4+
{[%clk 0:06:15]} 47. Kd5 {[%clk 0:08:35]} Qe7 {[%clk 0:04:56]} 48. Rb5
{[%clk 0:08:28]} Qd7+ {[%clk 0:05:04]} 49. Kc4 {[%clk 0:08:37]} Qxb5+
{[%clk 0:05:26]} 50. Kxb5 {[%clk 0:09:01]} h4 {[%clk 0:05:51]} 51. a4
{[%clk 0:09:10]} h3 {[%clk 0:06:17]} 52. Ka6 {[%clk 0:09:23]} h2 {[%clk 0:06:42]}
53. Kxa7 h1=Q {[%clk 0:07:04]} 54. a5 {[%clk 0:10:08]} Qc6 {[%clk 0:06:34]} 55.
a6 {[%clk 0:10:18]} Qc7+ {[%clk 0:06:49]} 56. Ka8 {[%clk 0:10:40]} Kh8
{[%clk 0:07:08]} 57. e6 {[%clk 0:10:56]} fxe6 {[%clk 0:07:32]} 58. a7
{[%clk 0:11:22]} Qc8# 0-1

[Event "MR"]
[Site "Rzeszow"]
[Date "2017.11.12"]
[Round "9.1"]
[White "Pulik, Krzysztof"]
[Black "Wozniak, Marcin"]
[Result "0-1"]
[LiveChessVersion "1.4.8"]
[BlackElo "1886"]
[WhiteElo "2135"]

1. e4 {[%clk 1:30:55]} d5 {[%clk 1:30:50]} 2. exd5 {[%clk 1:30:56]} Qxd5
{[%clk 1:31:06]} 3. Nc3 {[%clk 1:31:01]} Qd6 {[%clk 1:31:29]} 4. Nf3
{[%clk 1:27:14]} Nf6 {[%clk 1:28:28]} 5. h3 {[%clk 1:26:45]} a6 {[%clk 1:25:52]}
6. a4 {[%clk 1:25:30]} e5 {[%clk 1:25:10]} 7. Bc4 {[%clk 1:21:53]} Be6
{[%clk 1:14:46]} 8. Qe2 {[%clk 1:18:09]} Bxc4 {[%clk 1:07:04]} 9. Qxc4
{[%clk 1:17:12]} Be7 {[%clk 0:59:38]} 10. O-O {[%clk 1:14:35]} O-O
{[%clk 0:59:11]} 11. Re1 {[%clk 1:02:29]} Nc6 {[%clk 0:49:19]} 12. d3
{[%clk 1:01:23]} Qb4 {[%clk 0:29:42]} 13. Bg5 {[%clk 0:51:29]} Rae8
{[%clk 0:09:06]} 14. Nxe5 {[%clk 0:44:08]} Nd4 {[%clk 0:08:10]} 15. Rac1
{[%clk 0:31:49]} Qxc4 {[%clk 0:04:22]} 16. Nxc4 {[%clk 0:31:47]} Bb4
{[%clk 0:04:26]} 17. Be3 {[%clk 0:30:06]} Nf5 {[%clk 0:04:02]} 18. Bd2
{[%clk 0:30:02]} Nd4 {[%clk 0:04:03]} 19. Kf1 {[%clk 0:28:35]} Rxe1+
{[%clk 0:04:00]} 20. Bxe1 {[%clk 0:28:58]} Re8 {[%clk 0:04:13]} 21. Ne3
{[%clk 0:28:56]} c6 {[%clk 0:03:48]} 22. Ne2 {[%clk 0:28:44]} Bc5
{[%clk 0:03:41]} 23. Bd2 {[%clk 0:26:07]} Nd5 {[%clk 0:03:11]} 24. Nxd4
{[%clk 0:24:15]} Bxd4 {[%clk 0:03:33]} 25. Nxd5 {[%clk 0:24:22]} cxd5
{[%clk 0:03:57]} 26. c3 {[%clk 0:24:29]} Bf6 {[%clk 0:04:10]} 27. Re1
{[%clk 0:24:35]} Kf8 {[%clk 0:03:20]} 28. Re3 {[%clk 0:23:49]} Re7
{[%clk 0:02:56]} 29. Ke2 {[%clk 0:22:59]} Ke8 {[%clk 0:03:11]} 30. d4
{[%clk 0:23:02]} Kd7 {[%clk 0:03:16]} 31. Kd3 {[%clk 0:23:00]} b5
{[%clk 0:02:49]} 32. b3 {[%clk 0:22:31]} Kc6 {[%clk 0:03:02]} 33. axb5+
{[%clk 0:20:36]} axb5 {[%clk 0:03:25]} 34. Rxe7 {[%clk 0:20:44]} Bxe7
{[%clk 0:03:50]} 35. c4 {[%clk 0:20:39]} bxc4+ {[%clk 0:04:10]} 36. bxc4
{[%clk 0:21:04]} dxc4+ {[%clk 0:03:58]} 37. Kxc4 {[%clk 0:21:28]} Bd6
{[%clk 0:03:22]} 38. Bb4 {[%clk 0:20:23]} Bc7 {[%clk 0:02:32]} 39. d5+
{[%clk 0:20:38]} Kd7 {[%clk 0:02:57]} 40. Kd3 {[%clk 0:20:30]} Bb6
{[%clk 0:03:15]} 41. f3 {[%clk 0:20:54]} Bd8 {[%clk 0:03:11]} 42. Ke4
{[%clk 0:21:01]} g6 {[%clk 0:02:28]} 43. Ke5 {[%clk 0:20:19]} Bh4
{[%clk 0:02:44]} 44. Bc5 {[%clk 0:19:17]} Bd8 {[%clk 0:03:01]} 45. Be3
{[%clk 0:17:54]} Be7 {[%clk 0:02:50]} 46. Bh6 {[%clk 0:17:39]} Bd8
{[%clk 0:00:46]} 47. f4 {[%clk 0:17:48]} Ke8 {[%clk 0:00:33]} 48. Kd6
{[%clk 0:16:26]} f6 {[%clk 0:00:37]} 49. Ke6 {[%clk 0:16:48]} 0-1

[Event "MR"]
[Site "Rzeszow"]
[Date "2017.11.12"]
[Round "9.2"]
[White "Marszalek, Maciej"]
[Black "Kielb, Miroslaw"]
[Result "1-0"]
[LiveChessVersion "1.4.8"]
[BlackElo "1378"]
[WhiteElo "2297"]

1. d4 {[%clk 1:28:27]} d5 {[%clk 1:30:54]} 2. c4 {[%clk 1:28:53]} e6
{[%clk 1:31:16]} 3. Nf3 {[%clk 1:29:18]} Nf6 {[%clk 1:31:09]} 4. g3
{[%clk 1:29:44]} Be7 {[%clk 1:30:22]} 5. Bg2 {[%clk 1:28:51]} O-O
{[%clk 1:30:40]} 6. O-O {[%clk 1:29:16]} b6 {[%clk 1:29:20]} 7. cxd5
{[%clk 1:29:29]} exd5 {[%clk 1:29:16]} 8. Nc3 {[%clk 1:29:58]} Bb7
{[%clk 1:29:20]} 9. Ne5 {[%clk 1:30:26]} Nbd7 {[%clk 1:29:14]} 10. Qa4
{[%clk 1:30:54]} h6 {[%clk 1:28:21]} 11. Nxd7 {[%clk 1:30:31]} Nxd7
{[%clk 1:27:41]} 12. Nxd5 {[%clk 1:30:36]} Bxd5 {[%clk 1:24:32]} 13. Bxd5
{[%clk 1:29:42]} Nc5 {[%clk 1:21:48]} 14. Qc6 {[%clk 1:27:37]} Nd7
{[%clk 1:21:46]} 15. Qxa8 {[%clk 1:27:55]} Qxa8 {[%clk 1:22:01]} 16. Bxa8
{[%clk 1:28:24]} Rxa8 {[%clk 1:22:24]} 17. Bf4 {[%clk 1:28:50]} Bf6
{[%clk 1:20:44]} 18. Bxc7 {[%clk 1:29:12]} Bxd4 {[%clk 1:20:50]} 19. Rad1
{[%clk 1:29:40]} Rc8 {[%clk 1:21:01]} 20. Bf4 {[%clk 1:29:58]} Rc4
{[%clk 1:19:47]} 21. b3 {[%clk 1:30:26]} Rb4 {[%clk 1:19:40]} 22. a3
{[%clk 1:30:55]} Rxb3 {[%clk 1:19:46]} 23. Rxd4 {[%clk 1:31:23]} Nc5
{[%clk 1:19:44]} 24. Bd6 {[%clk 1:31:37]} Rxa3 {[%clk 1:19:45]} 25. Bxc5
{[%clk 1:32:05]} bxc5 {[%clk 1:20:06]} 26. Rc4 {[%clk 1:32:35]} a5
{[%clk 1:20:14]} 27. Rxc5 {[%clk 1:33:02]} a4 {[%clk 1:20:34]} 28. Rcc1
{[%clk 1:33:27]} Rb3 {[%clk 1:20:47]} 29. Ra1 {[%clk 1:33:54]} a3
{[%clk 1:21:09]} 30. e3 {[%clk 1:34:19]} Kf8 {[%clk 1:21:07]} 31. Ra2
{[%clk 1:34:47]} Ke7 {[%clk 1:21:23]} 32. Rfa1 {[%clk 1:35:15]} Ke6
{[%clk 1:21:39]} 33. Rxa3 {[%clk 1:35:43]} Rb4 {[%clk 1:21:16]} 34. Ra7
{[%clk 1:36:07]} g6 {[%clk 1:20:46]} 35. R1a6+ {[%clk 1:36:34]} Kf5
{[%clk 1:21:10]} 36. Rxf7+ {[%clk 1:36:59]} Kg4 {[%clk 1:21:27]} 37. Rxg6+
{[%clk 1:37:21]} Kh3 {[%clk 1:21:42]} 38. Rxh6+ {[%clk 1:37:45]} Kg4
{[%clk 1:22:04]} 39. Rh4+ {[%clk 1:38:14]} Kg5 {[%clk 1:22:20]} 40. Rxb4
{[%clk 1:38:38]} Kg6 {[%clk 1:22:43]} 41. Ra7 {[%clk 1:39:04]} Kf5
{[%clk 1:23:01]} 42. Ra5+ {[%clk 1:39:30]} Ke6 {[%clk 1:23:26]} 43. Rb6+
{[%clk 1:39:57]} Kd7 {[%clk 1:23:51]} 44. Ra7+ {[%clk 1:40:23]} Kc8
{[%clk 1:24:16]} 45. Rh6 {[%clk 1:40:49]} Kb8 {[%clk 1:24:41]} 46. Rg7
{[%clk 1:41:16]} Kc8 {[%clk 1:25:09]} 47. Rh8# {[%clk 1:41:39]} 1-0

[Event "MR"]
[Site "Rzeszow"]
[Date "2017.11.12"]
[Round "9.3"]
[White "Augustyn, Jan"]
[Black "Wozniak, Maciej"]
[Result "0-1"]
[LiveChessVersion "1.4.8"]
[BlackElo "2045"]
[WhiteElo "1787"]

1. c4 {[%clk 1:27:34]} e5 {[%clk 1:26:14]} 2. Nc3 {[%clk 1:27:44]} Nc6
{[%clk 1:23:48]} 3. g3 {[%clk 1:27:27]} g6 {[%clk 1:24:11]} 4. Bg2
{[%clk 1:27:35]} Bg7 {[%clk 1:24:25]} 5. Nf3 {[%clk 1:25:13]} f5 {[%clk 1:23:39]}
6. d3 {[%clk 1:25:03]} Nf6 {[%clk 1:23:52]} 7. O-O {[%clk 1:18:01]} O-O
{[%clk 1:24:01]} 8. Bg5 {[%clk 1:05:48]} h6 {[%clk 1:24:13]} 9. Bxf6
{[%clk 1:06:10]} Qxf6 {[%clk 1:23:46]} 10. Nd5 {[%clk 1:04:57]} Qd8
{[%clk 1:24:01]} 11. Nh4 {[%clk 0:58:12]} g5 {[%clk 1:16:37]} 12. Ng6
{[%clk 0:57:41]} Rf6 {[%clk 1:15:10]} 13. Nxe5 {[%clk 0:52:19]} Nxe5
{[%clk 1:15:01]} 14. Nxf6+ {[%clk 0:50:16]} Qxf6 {[%clk 1:15:20]} 15. d4
{[%clk 0:36:33]} Nc6 {[%clk 1:10:11]} 16. e3 {[%clk 0:34:24]} d6 {[%clk 1:09:18]}
17. Rb1 {[%clk 0:25:10]} Bd7 {[%clk 1:04:08]} 18. c5 {[%clk 0:21:48]} Kh8
{[%clk 1:02:49]} 19. b4 {[%clk 0:19:32]} Rf8 {[%clk 1:02:25]} 20. b5
{[%clk 0:17:17]} Nd8 {[%clk 1:02:33]} 21. c6 {[%clk 0:11:38]} bxc6
{[%clk 0:38:55]} 22. bxc6 {[%clk 0:11:22]} Bxc6 {[%clk 0:39:18]} 23. Bxc6
{[%clk 0:11:38]} Nxc6 {[%clk 0:39:44]} 24. Qa4 {[%clk 0:11:50]} Ne7
{[%clk 0:40:03]} 25. Qxa7 {[%clk 0:11:27]} Nd5 {[%clk 0:40:04]} 26. Rb8
{[%clk 0:09:07]} Rxb8 {[%clk 0:29:28]} 27. Qxb8+ {[%clk 0:09:30]} Kh7
{[%clk 0:29:40]} 28. a4 {[%clk 0:05:31]} f4 {[%clk 0:28:28]} 29. Qe8
{[%clk 0:02:26]} Qg6 {[%clk 0:18:39]} 30. Qc6 {[%clk 0:01:08]} Qf5
{[%clk 0:18:57]} 31. a5 {[%clk 0:00:32]} f3 {[%clk 0:19:17]} 32. Kh1
{[%clk 0:00:33]} Nf6 {[%clk 0:10:13]} 33. Rc1 {[%clk 0:00:33]} d5
{[%clk 0:10:12]} 34. Qc2 {[%clk 0:00:45]} Ne4 {[%clk 0:10:31]} 35. Qc6
{[%clk 0:00:31]} Qh3 {[%clk 0:10:30]} 0-1